书目信息 |
| 题名: |
网页特效精彩实例(附光盘)
|
|
| 作者: | 段兴 主编 | |
| 分册: | ||
| 出版信息: | 北京 人民邮电出版社 2001.10 |
|
| 页数: | 322页 | |
| 开本: | 26cm | |
| 丛书名: | ||
| 单 册: | ||
| 中图分类: | TP393.092 | |
| 科图分类: | ||
| 主题词: | 计算机应用 | |
| 电子资源: | ||
| ISBN: | 7-115-09719-4 | |
| 000 | 00581nam0 2200193 45 | |
| 001 | 0261030072 | |
| 005 | 2002051716570947 | |
| 010 | @a7-115-09719-4@dRMB 34.00 | |
| 100 | @a20020517d2001 km y0chiy0120 ea | |
| 101 | 0 | @achi |
| 102 | @aCN@b110000 | |
| 200 | 1 | @a网页特效精彩实例(附光盘)@AWang Ye Te Xiao Jing Cai Shi Li(Fu Guang Pan)@f段兴主编@FDuan Xing Zhu Bian |
| 210 | @a北京@c人民邮电出版社@d2001.10 | |
| 215 | @a322页@d26cm | |
| 606 | 0 | @a计算机应用 |
| 690 | @aTP393.092@v3 | |
| 701 | 0 | @a段兴@ADuan Xing@4主编 |
| 801 | 0 | @aCN@bPFT@c20020517 |
| 905 | @a安徽大学@dTP393.092@eD936 | |
| 网页特效精彩实例(附光盘)/段兴主编.-北京:人民邮电出版社,2001.10 |
| 322页;26cm |
| ISBN 7-115-09719-4:RMB 34.00 |
| ● |
| 相关链接 |
|
|
|
正题名:网页特效精彩实例(附光盘)
索取号:TP393.092/D936
 
预约/预借
| 序号 | 登录号 | 条形码 | 馆藏地/架位号 | 状态 | 备注 |
| 1 | 354938 | 203549384 | 自科库301/ [索取号:TP393.092/D936] | 在馆 | |
| 2 | 354939 | 203549393 | 自科库301/301自科库 125排1列5层/ [索取号:TP393.092/D936] | 在馆 |